Представление документа в формате RUSMARC

ПолеНазваниеЗначение
  Тип записи a
  Библиографический уровень m
001 Контрольный номер RU/SLIB/B/208747385
005 Дата корректировки 20230306113029.0
010 Индекс ISBN __
d Цена 9-95
101 Язык документа 0_
a Язык текста rus
200 Заглавие и сведения об ответственности 1_
a Заглавие Растите малышей здоровыми: Физическое воспитание детей от 3 до 6 лет
b Общее обозначение материала Текст
210 Выходные данные 1_
a Место издания М.
c Издательство Спарт
d Дата издания 1992
215 Физическое описание __
a Объем 96 с.
c Иллюстрации/тип воспроизводства ил.
606 Тематические рубрики __
a Основная рубрика Образование. Педагогика
606 Тематические рубрики __
a Основная рубрика Дошкольная педагогика
610 Ключевые слова 0_
a Ключевые слова физические упражнения; дошкольники; физическое воспитание; дошкольное воспитание
686 Индексы других классификаций __
a Классификационный индекс 74.100.55
686 Индексы других классификаций __
a Классификационный индекс 74.90; В74.1 + В74.9
700 Автор _1
a Фамилия Пономарев
b Имя С. А.
4 Код отношения 070
801 Источник записи _0
a Страна RU
b Организация Муниципальное бюджетное учреждение культуры "Централизованная библиотечная система" г. Сургут (Центральная городская библиотека им. А. С. Пушкина)
g Правила каталогизации КиК/Уланова
801 Источник записи _1
a Страна RU
b Организация Муниципальное бюджетное учреждение культуры "Централизованная библиотечная система" г. Сургут (Центральная городская библиотека им. А. С. Пушкина)
g Правила каталогизации КиК/Уланова
852 Данные о местонахождении __
j Шифр хранения 74.100.55
c Каталожный индекс 74.100.5, 74.90
i Авторский знак П 56
p Инвентарный номер 48206
901 Тип документа __
t Тип документа m
990 Данные о заказе (DOS) __
j Количество экземпляров (DOS) 3
t N записи в КСУ для И/У (DOS) 199401